000 00313nam a22001337a 4500
003 OSt
005 20240403153837.0
008 240403b |||||||| |||| 00| 0 eng d
040 _cCentral Library MRSPTU
100 _aDr. Hakam Singh Hundal
245 _aHomoeo House Doctor
300 _a212
942 _2ddc
_cBK
_n0
999 _c9974
_d9974